| 000 | 00484nam a22001577a 4500 | ||
|---|---|---|---|
| 005 | 20251108164645.0 | ||
| 008 | 250721s1995 xx 000 0 ara d | ||
| 082 | 1 | 4 | _a414/مصط |
| 100 | 1 | _aالجويني، مصطفى الصاوي | |
| 245 | 1 | 0 | _aالبلاغة المقارنة / |
| 264 | 1 |
_aالإسكندرية : _bدارالمعرفة الجامعية، _c1995. |
|
| 300 | _a236ص | ||
| 650 | 1 | 7 | _aاللغة العربية البلاغة |
| 942 |
_2ddc _cBK |
||
| 999 |
_c11083 _d11083 |
||